=LDR 00000nam 2200000 4500 =001 INLIS000000000034856 =005 20130612140741 =008 ***********************************ind** =035 ##$$0010-061300000034856 =041 ##$$a ind =082 ##$$a F Rom K =090 ##$$a F Rom K, Cai p =100 ##$$a CAIN, Bill =245 ##$$a Petaruhan terakhir Hitler, Pertempuran Bugle, Bill Cain, Ron Wagner, Dheeraj Verma ; penerjemah, Indra Notowidigdo =260 ##$$a 2008 $b Jakarta =300 ##$$a 47 hlm, ilus, 25 cm =650 ##$$a Fiksi Kanak - kanak =700 ##$$a Wagner, Ran =850 ##$$a NBPNMAT